000 00761nam a2200253Ia 4500
003 OSt
005 20221005082739.0
006 a|||||r|||| 00| 0
007 ta
008 221004b |||||||| |||| 00| 0 eng d
020 _a9788184203486 (hbk)
_c1100
024 _a22658
037 _b110, 17/03/2015, Mallika Books
_cTextual
040 _aCRL
_cCRL
_beng
041 _2eng
_aeng
082 _aX:3M24xM93.2, Q3
100 _aGuha H. N.
_9612089
245 0 _aIndia's maoist revolution internal crisis
260 _aNew Delhi
_bSummit Enterprises India
_c2013
300 _aviii, 296p.
_ccm.
650 _aECONOMICS
942 _hX:3M24xM93.2, Q3
_cTEXL
_2cc
999 _c989806
_d989806